Normal view MARC view
  • Home Builders Federation

Entry Corporate Name

Number of records used in: 52

001 - CONTROL NUMBER

  • control field: 4896

003 - CONTROL NUMBER IDENTIFIER

  • control field: SIRSI

005 - DATE AND TIME OF LATEST TRANSACTION

  • control field: 20190806150238.0

008 - FIXED-LENGTH DATA ELEMENTS

  • fixed length control field: 060306n| aaannaabn |n ana d

040 ## - CATALOGING SOURCE

  • Original cataloging agency: OSt
  • Transcribing agency: OSt

110 0# - HEADING--CORPORATE NAME

  • Corporate name or jurisdiction name as entry element: Home Builders Federation

670 ## - SOURCE DATA FOUND

  • Source citation: HBF regional survey of house builders, 2006